Fundamentos y aplicaciones de técnicas de Biología Molecular en el laboratorio

Guardat en:
Dades bibliogràfiques
Autor principal: Depix García, María Soledad
Format: Llibre
Idioma:espanyol
Publicat: Santiago, Chile Universidad Santo Tomás 2012
Matèries:
Etiquetes: Afegir etiqueta
Sense etiquetes, Sigues el primer a etiquetar aquest registre!

MARC

LEADER 00000cam a2200000 a 4500
001 UCF8593
003 CL-VaPUC
005 20210715001452.0
008 130916e20121200cl |||||||||||||||||spa|d
999 |c 353160  |d 353158 
020 |a 9789567946181 
040 |c Pontificia Universidad Católica de Valparaíso 
082 0 4 |a 571.6 DEP 2012  |2 21 
100 0 |a Depix García, María Soledad  |9 570703 
245 1 0 |a Fundamentos y aplicaciones de técnicas de Biología Molecular en el laboratorio 
260 0 3 |a Santiago, Chile  |b Universidad Santo Tomás  |c 2012 
300 |a 257 páginas 
583 |a last modification  |c 20130916 10:38:00  |k Rodrigo Vera 
650 0 |a Citología  |9 261432 
650 0 |a Biología molecular  |9 269677 
650 0 |a Citogenética  |9 269678 
942 |c BK  |2 ddc 
945 |d 20130916 10:38:00  |a dcastane 
952 |0 0  |1 0  |2 ddc  |3 erb  |4 0  |6 571_600000000000000_DEP_2012  |7 0  |8 A  |9 458132  |a BIBCUR  |b BIBCUR  |d 2019-11-23  |i 5011167  |l 4  |m 1  |o 571.6 DEP 2012  |p 5011167  |q 2025-05-16  |r 2025-05-09  |s 2025-05-09  |t 1  |w 2019-11-23  |y BK  |z Catalogado en:20130916  |k BIO